Coal information 2003 with 2002 data

Gespeichert in:
Bibliographische Detailangaben
Körperschaft: OECD. International Energy Agency
Format: Buch
Sprache:Englisch
Veröffentlicht: Paris OECD/IEA 2003
Schriftenreihe:IEA statistics
Schlagworte:
Tags: Tag hinzufügen
Keine Tags, Fügen Sie das erste Tag hinzu!

MARC

LEADER 00000nam a2200000 4500
001 0012113
005 20240313134930.6
020 |a 92-64-10245-0 
041 0 |a eng 
044 |a FR 
245 1 0 |a Coal information 2003  |b with 2002 data 
264 1 |a Paris  |b OECD/IEA  |c 2003 
300 |a ix, I.275., II.331, III.93 s. 
490 1 |a IEA statistics 
830 0 |a IEA statistics 
610 2 0 |a uhlie 
610 2 0 |a údaje štatistické 
610 2 0 |a porovnanie štatistické medzinárodné 
610 2 0 |a palivá pevné 
610 2 0 |a energia 
610 2 0 |a trh energetický 
610 2 0 |a dopyt 
610 2 0 |a ceny 
610 2 0 |a obchod 
610 2 0 |a doprava 
610 2 0 |a ponuka 
610 2 0 |a prostredie životné 
710 2 |a OECD. International Energy Agency